| 000 | 00701nas a2200253 4500 | ||
|---|---|---|---|
| 001 | BR0204298 | ||
| 003 | BR-BrBNA | ||
| 005 | 20231205103222.0 | ||
| 007 | ta | ||
| 008 | 230509b bl.|||p| |||| 00| 00por d | ||
| 040 |
_aBR-BrBNA _bpor _cBiblioteca Nacional de Agricultura |
||
| 041 | _a(Pt) | ||
| 072 | _aH60; U40 | ||
| 100 | 1 | _aAntuniassi, U.R. | |
| 100 | 1 | _aSalvador, A. | |
| 100 | 1 | _aBaio, F.H.R. | |
| 245 | 1 | _aMapeamento de plantas daninhas | |
| 650 | _aERVA DANINHA | ||
| 650 | _aMAPA | ||
| 650 | _aSENSORIAMENTO REMOTO | ||
| 773 | 0 |
_tRevista Plantio Direto (Brazil) _x _g(Jul-Aug 2002), no. 70 p. 33-35 _wBR0204298 |
|
| 909 |
_a202311 _bLúcia _c55 _dLúcia Elande |
||
| 942 |
_2AGRIS _n0 _cANA |
||
| 999 |
_c171717 _d171717 |
||